Richter zongoraestje Rendkívüli koncert a Szegedi Nemzeti Színházban /

Elmentve itt :
Bibliográfiai részletek
Szerzők: Nikolényi István
Somogyi Károlyné
Dokumentumtípus: Cikk
Megjelent: 1972-02-18
Sorozat:Délmagyarország 62 No. 41
Kulcsszavak:zeneélet 1962-1979
Online Access:http://dmarchiv.bibl.u-szeged.hu/121221
LEADER 00549nab a2200169 i 4500
001 delm121221
005 20190322082909.0
008 190322s1972 hu o 0|| hun d
040 |a SZTE Délmagyarország Archívum  |b hun 
041 |a hun 
100 1 |a Nikolényi István 
245 1 0 |a Richter zongoraestje   |h [elektronikus dokumentum] :  |b Rendkívüli koncert a Szegedi Nemzeti Színházban /  |c  Nikolényi István 
260 |c 1972-02-18 
300 |a 5 
490 0 |a Délmagyarország  |v 62 No. 41 
695 |a zeneélet 1962-1979 
700 0 1 |a Somogyi Károlyné  |e aut